[Event "Voronezh Region-ch"]
[Site "Voronezh"]
[Date "2018.11.29"]
[Round "7"]
[White "Kholodov, Vladimir"]
[Black "Moshkin, Mikhail"]
[Result "1/2-1/2"]
[WhiteElo "1918"]
[BlackElo "1898"]
[PlyCount "160"]
[EventDate "2018.11.23"]
[EventType "swiss"]
[EventRounds "9"]
[EventCountry "RUS"]
[SourceTitle "CBM 188 Extra"]
[Source "ChessBase"]
[SourceDate "2019.02.26"]
[SourceVersion "1"]
[SourceVersionDate "2019.02.26"]
[SourceQuality "1"]

1. e4 c5 2. Nf3 e6 3. d4 cxd4 4. Nxd4 Nf6 5. Nc3 d6 6. Bg5 Be7 7. f4 h6 8. Bh4 Nc6 9. Nb3 0-0 10. Qf3 a5 11. 0-0-0 a4 12. Nd4 a3 13. b3 Qa5 14. Ndb5 Rd8 15. Be1 Rd7 16. Nd5 Qd8 17. Nxe7+ Qxe7 18. Bc3 d5 19. Bd3 Nb4 20. Kb1 Nxd3 21. Qxd3 Nxe4 22. Bd4 b6 23. Qe3 Ba6 24. Nc3 Nd6 25. g4 b5 26. Bc5 Rb7 27. Nxd5 exd5 28. Qxe7 Rxe7 29. Bxd6 Re6 30. Bxa3 Re4 31. Bc1 d4 32. h4 Rae8 33. h5 Bc8 34. g5 Bf5 35. gxh6 gxh6 36. Rhg1+ Kh7 37. Rg2 Re2 38. Rdg1 Bxc2+ 39. Ka1 Rxg2 40. Rxg2 d3 41. Kb2 Bd1 42. Rh2 Be2 43. Bd2 Rc8 44. Bc3 Rg8 45. a4 bxa4 46. bxa4 Rg4 47. Bd2 Rg8 48. a5 Rb8+ 49. Kc3 Rc8+ 50. Kd4 Rd8+ 51. Ke3 Re8+ 52. Kf2 Rc8 53. Rh1 Rc6 54. Ke3 Rd6 55. Ke4 Kg7 56. Rg1+ Kf6 57. f5 Ra6 58. Bxh6 Ke7 59. Bg5+ f6 60. Bd2 Bxh5 61. Kxd3 Bf3 62. Rg7+ Kd6 63. Kd4 Kc6 64. Rf7 Kb5 65. Bc3 Rd6+ 66. Ke3 Bd5 67. Re7 Bc4 68. Kf4 Ka6 69. Kg4 Kb5 70. Kh5 Rd3 71. Rb7+ Ka6 72. Rb6+ Ka7 73. Bxf6 Rd5 74. Kg6 Bd3 75. Bc3 Bxf5+ 76. Kf6 Bc8 77. Rc6 Bb7 78. Rc7 Kb8 79. Rg7 Ka8 80. Ke6 Rc5 1/2-1/2

[Event "Voronezh-ch op2"]
[Site "Voronezh"]
[Date "2015.04.11"]
[Round "9"]
[White "Kholodov, Vladimir"]
[Black "Ioffe, Ilya"]
[Result "0-1"]
[WhiteElo "2010"]
[BlackElo "1960"]
[PlyCount "56"]
[EventDate "2015.04.02"]
[EventType "swiss"]
[EventRounds "9"]
[EventCountry "RUS"]
[SourceTitle "EXT 2017"]
[Source "ChessBase"]
[SourceDate "2016.10.25"]
[SourceVersion "1"]
[SourceVersionDate "2016.10.25"]
[SourceQuality "1"]

1. e4 c6 2. d4 d5 3. exd5 cxd5 4. c4 Nf6 5. Nc3 e6 6. Nf3 Be7 7. Bf4 0-0 8. Bd3 dxc4 9. Bxc4 Nc6 10. 0-0 b6 11. Re1 Bb7 12. d5 Na5 13. d6 Nxc4 14. dxe7 Qxe7 15. b3 Rfd8 16. Qe2 Nd6 17. Rac1 Rac8 18. h3 Nfe4 19. Nxe4 Nxe4 20. Ne5 Nc3 21. Qb2 Nd5 22. Bg3 Qg5 23. Rxc8 Rxc8 24. Qd4 Nf6 25. Re3 Rc1+ 26. Kh2 Nd5 27. Bh4 Qxg2+ 28. Kxg2 Nxe3+ 0-1

[Event "Voronezh-ch op2"]
[Site "Voronezh"]
[Date "2015.04.05"]
[Round "3"]
[White "Cherednichenko, Dmitrij"]
[Black "Kholodov, Vladimir"]
[Result "0-1"]
[WhiteElo "2061"]
[BlackElo "2010"]
[PlyCount "90"]
[EventDate "2015.04.02"]
[EventType "swiss"]
[EventRounds "9"]
[EventCountry "RUS"]
[SourceTitle "EXT 2017"]
[Source "ChessBase"]
[SourceDate "2016.10.25"]
[SourceVersion "1"]
[SourceVersionDate "2016.10.25"]
[SourceQuality "1"]

1. d4 Nf6 2. c4 d5 3. cxd5 Nxd5 4. e4 Nb6 5. Nf3 e6 6. Be2 c5 7. Be3 cxd4 8. Bxd4 Nc6 9. Bb5 Bb4+ 10. Nbd2 0-0 11. Be3 Qf6 12. Bxc6 bxc6 13. Bd4 Qg6 14. 0-0 Rd8 15. Bc3 Bxc3 16. bxc3 Nc4 17. Qe2 Nxd2 18. Nxd2 a5 19. Nb3 Ba6 20. c4 Qg5 21. f4 Qe7 22. Rfd1 a4 23. Nd2 Rd4 24. Rac1 Rad8 25. Nf3 Bxc4 26. Qc2 Rxd1+ 27. Rxd1 Qc5+ 28. Kh1 Rxd1+ 29. Qxd1 Bb5 30. Qd8+ Qf8 31. Qd4 Qe7 32. e5 f6 33. exf6 gxf6 34. h4 c5 35. Qb2 Bc6 36. Nd2 f5 37. Qb8+ Kf7 38. Kg1 Bd5 39. h5 Kg7 40. Nf1 Kh6 41. Ng3 Bxa2 42. Qe5 Qg7 43. Qe3 Qd4 44. Kf2 Bd5 45. Ke2 Qxe3+ 0-1

[Event "Voronezh Rating op 03-B"]
[Site "Voronezh"]
[Date "2014.03.20"]
[Round "1"]
[White "Kholodov, Vladimir"]
[Black "Chermashentsev, Victor"]
[Result "1-0"]
[WhiteElo "1998"]
[BlackElo "1781"]
[PlyCount "43"]
[EventDate "2014.03.20"]
[EventType "swiss"]
[EventRounds "9"]
[EventCountry "RUS"]
[SourceTitle "EXT 2015"]
[Source "ChessBase"]
[SourceDate "2014.11.20"]
[SourceVersion "1"]
[SourceVersionDate "2014.11.20"]
[SourceQuality "1"]

1. e4 e5 2. Nf3 Nc6 3. Bc4 Bc5 4. c3 Nf6 5. 0-0 d6 6. d4 Bb6 7. dxe5 Nxe4 8. Bd5 Nxf2 9. Rxf2 Bxf2+ 10. Kxf2 Nxe5 11. Bf4 f6 12. Kg1 c6 13. Bb3 Qb6+ 14. Kh1 Bg4 15. Bxe5 dxe5 16. Na3 Bxf3 17. gxf3 Qf2 18. Nc4 g6 19. Nd6+ Ke7 20. Ne4 Rhd8 21. Nxf2 Rxd1+ 22. Rxd1 1-0

[Event "Voronezh Rating op 01"]
[Site "Voronezh"]
[Date "2014.01.23"]
[Round "9"]
[White "Stepanischev, Gregory"]
[Black "Kholodov, Vladimir"]
[Result "0-1"]
[WhiteElo "1943"]
[BlackElo "1989"]
[PlyCount "86"]
[EventDate "2014.01.10"]
[EventType "swiss"]
[EventRounds "9"]
[EventCountry "RUS"]
[SourceTitle "EXT 2015"]
[Source "ChessBase"]
[SourceDate "2014.11.20"]
[SourceVersion "1"]
[SourceVersionDate "2014.11.20"]
[SourceQuality "1"]

1. d4 Nf6 2. c4 g6 3. Nc3 Bg7 4. e4 d6 5. f3 0-0 6. Be3 e5 7. d5 c6 8. Nge2 cxd5 9. cxd5 Bd7 10. Nc1 b5 11. Nd3 a5 12. a3 Na6 13. b4 Rc8 14. Rc1 Nh5 15. Ne2 f5 16. Rxc8 Bxc8 17. Qc1 fxe4 18. fxe4 axb4 19. axb4 Qh4+ 20. Nf2 Nxb4 21. Qd2 Rxf2 22. Qxb4 Rxg2+ 23. Kd1 Rg4 24. Qxb5 Qd8 25. Nc3 Nf4 26. Qb8 Bf6 27. Bb6 Qf8 28. Bc7 Be7 29. Nb5 Ng2 30. Be2 Rxe4 31. Bxd6 Rd4+ 32. Nxd4 Bxd6 33. Qb3 exd4 34. Qf3 Ne3+ 35. Ke1 Qe7 36. h3 Qh4+ 37. Kd2 Bf5 38. Bd3 Qg5 39. Ke2 Ng2 40. Bxf5 Nf4+ 41. Kd1 Qxf5 42. Qb3 Nd3 43. Ke2 Qe4+ 0-1

[Event "Voronezh op-B 17th"]
[Site "Voronezh"]
[Date "2013.06.12"]
[Round "1"]
[White "Kostin, Yury"]
[Black "Kholodov, Vladimir"]
[Result "0-1"]
[WhiteElo "1675"]
[BlackElo "1988"]
[PlyCount "138"]
[EventDate "2013.06.12"]
[EventType "swiss"]
[EventRounds "9"]
[EventCountry "RUS"]
[SourceTitle "EXT 2014"]
[Source "ChessBase"]
[SourceDate "2013.11.20"]
[SourceVersion "1"]
[SourceVersionDate "2013.11.20"]
[SourceQuality "1"]

1. e4 c5 2. Nf3 e6 3. Nc3 Nc6 4. d4 cxd4 5. Nxd4 Nf6 6. Bc4 Bb4 7. 0-0 0-0 8. Nxc6 bxc6 9. Qf3 Qa5 10. Ne2 d5 11. Bd3 dxe4 12. Bxe4 Nxe4 13. Qxe4 Ba6 14. c3 Be7 15. Re1 Qd5 16. Qd4 Bf6 17. Qxd5 cxd5 18. Nd4 Rab8 19. Nb3 Bb5 20. Bf4 Rbc8 21. Be3 Rc7 22. Bd4 Be7 23. Be5 Rb7 24. Na5 Rd7 25. a4 Bd3 26. Red1 Bc2 27. Rd2 Bg6 28. Nc6 Bg5 29. f4 Bh6 30. g3 f6 31. Bd4 e5 32. Be3 Be4 33. Nxa7 d4 34. Nb5 exf4 35. gxf4 dxe3 36. Rxd7 Bxf4 37. Rd4 f5 38. Nd6 Bxd6 39. Rxd6 f4 40. Kf1 Bf5 41. a5 f3 42. Rd4 Bh3+ 43. Ke1 Rf6 44. Re4 Rg6 45. Rxe3 Rg1+ 46. Kd2 Rxa1 47. Rxf3 Be6 48. Re3 Bb3 49. Re5 Rb1 50. a6 Rxb2+ 51. Ke3 Ra2 52. Rb5 Bc4 53. Rb8+ Kf7 54. Rb7+ Kf6 55. a7 Bd5 56. Rc7 Rxh2 57. Kd4 Bh1 58. c4 Ra2 59. Kc5 h5 60. Kb6 h4 61. Rc5 g6 62. Rc7 g5 63. c5 h3 64. Rh7 g4 65. c6 Rb2+ 66. Kc7 Ra2 67. Kb7 Kg6 68. Rh8 Rxa7+ 69. Kxa7 Bxc6 0-1